000 00782nam a2200205Ii 4500
003 JO-AjNU
008 230605s9999||||xx |||||||||||||| ||und||
040 _aJO-AjNU
_bara
_erda
_cJO-AjNU
041 _aara
050 1 4 _aBP136.4.S26 1993
100 3 _aالشافعي، حسن بن علي السقاف,
_eauthor
_941125
245 0 0 _aتنقيح الفهوم العالية بما يثبت زما لم يثبت في حديث الجارية
250 _aط1
264 3 1 _aعمان: دار الامام النووي، 1993
300 _a118ص
336 _atext
_btxt
_2rdacontent
337 _aunmediated
_bn
_2rdamedia
338 _avolume
_bnc
_2rdacarrier
650 4 _aالحديث- المؤتلف والمختلف- جوامع الفنون- الاسماء الحسنى
_941126
999 _aA17509
_c21077
_d21077